Black Eagles : (Record no. 5418)

MARC details
000 -LEADER
fixed length control field 00824nam a22002777a 4500
001 - CONTROL NUMBER
control field 5418
003 - CONTROL NUMBER IDENTIFIER
control field FISKH
005 - DATE AND TIME OF LATEST TRANSACTION
control field 20241204134931.0
008 - FIXED-LENGTH DATA ELEMENTS--GENERAL INFORMATION
fixed length control field 241204b cb ||||| |||| 00| 0 eng d
020 ## - INTERNATIONAL STANDARD BOOK NUMBER
International Standard Book Number 078073004508
040 ## - CATALOGING SOURCE
Original cataloging agency FISKH
Language of cataloging eng
Transcribing agency FISKH
Modifying agency FISKH
050 ## - LIBRARY OF CONGRESS CALL NUMBER
Classification number TL553.H35
082 ## - DEWEY DECIMAL CLASSIFICATION NUMBER
Classification number 629.1308996073
100 ## - MAIN ENTRY--PERSONAL NAME
Personal name Haskins, Jim
245 ## - TITLE STATEMENT
Title Black Eagles :
Remainder of title African-americans In Aviation /
Statement of responsibility, etc. by Jim Haskins
260 ## - PUBLICATION, DISTRIBUTION, ETC.
Place of publication, distribution, etc. New York :
Name of publisher, distributor, etc. Scholastic ;
Date of publication, distribution, etc. 1995 .
300 ## - PHYSICAL DESCRIPTION
Extent 196 pages :
Other physical details illustrations ;
Dimensions 20 cm .
505 ## - FORMATTED CONTENTS NOTE
Formatted contents note Z <br/>
520 ## - SUMMARY, ETC.
Summary, etc. Gives a history of the role of African-Americans in aviation.
521 8# - TARGET AUDIENCE NOTE
Target audience note 1160 <br/>
Source Lexile <br/>
521 8# - TARGET AUDIENCE NOTE
Target audience note Z <br/>
Source Raz-Plus <br/>
650 ## - SUBJECT ADDED ENTRY--TOPICAL TERM
Topical term or geographic name entry element African American History
Form subdivision Non-fiction
650 ## - SUBJECT ADDED ENTRY--TOPICAL TERM
Topical term or geographic name entry element aviation
Form subdivision Non-fiction
942 ## - ADDED ENTRY ELEMENTS (KOHA)
Source of classification or shelving scheme Dewey Decimal Classification
Koha item type Books
Suppress in OPAC No
Holdings
Withdrawn status Lost status Source of classification or shelving scheme Damaged status Not for loan Collection Home library Current library Shelving location Date acquired Total Checkouts Full call number Barcode Date last seen Price effective from Koha item type
    Dewey Decimal Classification     Non-Fiction Footprints International School Library Network Toul Kork Campus Footprints International School Library Network Toul Kork Campus TTP Secondary Non-Fiction Bookshelves 12/04/2024   HAS 629.1308996073 TL553.H35 FIS04616 12/04/2024 12/04/2024 Books